000 00529cam a2200217ua 4500
001 7378
005 20260515114213.0
008 141209n ii |||gr||||Z||||||asm
020 _a9789382976080
040 _cMAIN
041 _aasm
082 _a330.1508
100 _aGoswami, Sujata,
_eAuthor.
245 1 _aHistory of economic throught
_cBy Sujata Goswami
250 _a2nd.
260 _aGolaghat:
_bSaraswati,
_c2013.
300 _a279p.
653 _aEconomics
653 _aHistory of economic thought
942 _cBK
999 _c6498
_d6498